Day #67: Countries 6700 km away from Greece - Statistics

General Stats
  • This quiz has been taken 15 times
  • The average score is 9 of 13
Answer Stats
Answer % Correct
China
100%
Russia
100%
India
91%
Bangladesh
82%
Mongolia
73%
Myanmar
73%
Canada
64%
Madagascar
64%
Sri Lanka
64%
Zimbabwe
64%
Botswana
55%
Namibia
55%
Mozambique
45%
No matching quizzes found
Score Distribution
Percent of People with Each Score
Percentile by Number Answered
Your Score History
You have not taken this quiz